[Event "GER-chT Christmas U16 Lasker"]
[Site "Playchess.com INT"]
[Date "2020.12.28"]
[Round "1.3"]
[White "Alhamid, Mohamad"]
[Black "Tunc, Ozan Kurtul"]
[Result "1-0"]
[WhiteElo "1664"]
[BlackElo "1655"]
[PlyCount "112"]
[EventDate "2020.12.28"]
[EventType "team-swiss (blitz)"]
[EventRounds "7"]
[EventCountry "GER"]
[SourceTitle "CBM 200 Extra"]
[Source "ChessBase"]
[SourceDate "2021.03.31"]
[SourceVersion "1"]
[SourceVersionDate "2021.03.31"]
[SourceQuality "1"]
[WhiteTeam "Delmenhorst"]
[BlackTeam "Weisse Dame"]
[WhiteTeamCountry "GER"]
[BlackTeamCountry "GER"]

1. e4 c6 2. d4 d5 3. Nd2 dxe4 4. Nxe4 Nd7 5. Qe2 Ndf6 6. Nxf6+ Nxf6 7. Nf3 Bg4 8. Be3 Qd5 9. h3 Bxf3 10. gxf3 0-0-0 11. Bg2 e5 12. dxe5 Qxe5 13. c3 Nd5 14. Rd1 Be7 15. f4 Nxf4 16. Qg4+ Ne6 17. 0-0 Bc5 18. Rde1 Bxe3 19. Rxe3 Qf4 20. Qe2 Rhe8 21. Re1 Nc7 22. Be4 f5 23. Bc2 Rxe3 24. Qxe3 Qxe3 25. Bxf5+ Kb8 26. Rxe3 g6 27. Bd3 Nd5 28. Rf3 Rd7 29. Kf1 Nf4 30. Rxf4 Rxd3 31. Ke2 Rxh3 32. Rf8+ Kc7 33. a3 b6 34. Rg8 a5 35. Kd2 Rh2 36. Ke3 Kd6 37. b4 Rh3+ 38. f3 a4 39. Rg7 b5 40. Rg8 Kd5 41. Rd8+ Kc4 42. Rd6 Kxc3 43. Rxc6+ Kb3 44. Rc5 Rh5 45. Rxh5 gxh5 46. f4 Kxa3 47. f5 Kxb4 48. f6 a3 49. f7 a2 50. f8Q+ Kb3 51. Qf6 Ka3 52. Qc3+ Ka4 53. Qb2 b4 54. Qxa2+ Kb5 55. Kd4 h4 56. Qc4+ Ka4 1-0

[Event "GER-chT Christmas U16 Lasker"]
[Site "Playchess.com INT"]
[Date "2020.12.28"]
[Round "6.3"]
[White "Tunc, Ozan Kurtul"]
[Black "Aumueller, Naum"]
[Result "1-0"]
[WhiteElo "1655"]
[BlackElo "1622"]
[PlyCount "67"]
[EventDate "2020.12.28"]
[EventType "team-swiss (blitz)"]
[EventRounds "7"]
[EventCountry "GER"]
[SourceTitle "CBM 200 Extra"]
[Source "ChessBase"]
[SourceDate "2021.03.31"]
[SourceVersion "1"]
[SourceVersionDate "2021.03.31"]
[SourceQuality "1"]
[WhiteTeam "Weisse Dame"]
[BlackTeam "Regensburg Bavaria"]
[WhiteTeamCountry "GER"]
[BlackTeamCountry "GER"]

1. d4 Nf6 2. c4 g6 3. Nc3 Bg7 4. e4 d6 5. f3 0-0 6. Be3 Nc6 7. Nge2 e5 8. d5 Ne7 9. Ng3 Ne8 10. Bd3 f5 11. exf5 Bxf5 12. 0-0 a5 13. Nxf5 Nxf5 14. Bxf5 Rxf5 15. Qb3 b6 16. Ne4 h6 17. Qd3 Kh7 18. Rae1 Rf8 19. f4 exf4 20. Bxf4 Bxb2 21. Bxh6 Rxf1+ 22. Rxf1 Qh4 23. Bg5 Qg4 24. Rf4 Qd7 25. Bh4 Be5 26. Ng5+ Kh6 27. Rf7 Nf6 28. Rxd7 Nxd7 29. Ne6 b5 30. Qh3 Kh7 31. Bf6+ Kg8 32. Qh8+ Kf7 33. Qg7+ Ke8 34. Qe7# 1-0